000 00295nam a22001337a 4500
008 170508b xxu||||| |||| 00| 0 eng d
020 _a9780737726947
041 _aeng
080 _a34
100 _a14
101 _aSHJ
245 _aALTERNATIVES TO PRISONS
_cSKANCKE.J
942 _2udc
_cBK
999 _c12852
_d12852